UBT Library

Precalculus : (Record no. 1167)

000 -LEADER
fixed length control field 00575nam a22001937a 4500
008 - FIXED-LENGTH DATA ELEMENTS--GENERAL INFORMATION
fixed length control field 150923b xxu||||| |||| 00| 0 eng d
020 ## - INTERNATIONAL STANDARD BOOK NUMBER
International Standard Book Number 0023437421
041 0# - LANGUAGE CODE
Language code of text/sound track or separate title eng
080 ## - UNIVERSAL DECIMAL CLASSIFICATION NUMBER
Universal Decimal Classification number 510.2
100 1# - Rafti
Rafti Sullivan, Michael,
245 10 - TITLE STATEMENT
Title Precalculus :
Statement of responsibility, etc Michael Sullivan, Michael Sullivan III.
260 ## -
-- Upper Saddle River, NJ :
-- Prentice Hall,
-- 1996.
300 ## -
-- 1 v. (various pagings) :
-- meil.;
-- 26 cm.
650 #0 -
-- Funksione
650 #0 -
-- Kalkulues
650 #0 -
-- Grafikone
700 1# -
-- Sullivan, Michael,
942 ## - ADDED ENTRY ELEMENTS (KOHA)
Source of classification or shelving scheme
Item type Books
Holdings
Withdrawn status Lost status Source of classification or shelving scheme Damaged status Not for loan Collection code Permanent location Current location Shelving location Date acquired Total Checkouts Full call number Barcode Date last seen Price effective from Koha item type
          Koleksioni i përgjithshem UBT - Lipjan UBT - Lipjan Koleksioni i përgjithshem 09/23/2015   510.2 SUL 002-007660 09/23/2015 09/23/2015 Books
UBT Library © 2015-2024. All rights reserved University Education for Business and Technology